Fundamental university physics
Saved in:
| Main Authors: | , |
|---|---|
| Format: | Book |
| Language: | English |
| Published: |
Reading, Mass. :
Addison-Wesley Pub. Co.,
1968, c1983.
|
| Edition: | 2η εκδ. |
| Subjects: | |
| Tags: |
Add Tag
No Tags, Be the first to tag this record!
|
MARC
| LEADER | 00000cam a2200000 i 4500 | ||
|---|---|---|---|
| 001 | 1/27493 | ||
| 008 | 941103r19681983mau ||| | eng|| | ||
| 020 | |a 0201002620 | ||
| 020 | |a 0201001624 | ||
| 020 | |a 0201001616 | ||
| 035 | |a 1993 |c ΜΥΡΙΤΖΗΣ |l 10037839 | ||
| 040 | |a GR-MyUA |b gre |e AACR2 | ||
| 041 | 0 | |a eng | |
| 082 | 0 | |a 530 | |
| 100 | 1 | |a Alonso, Marcelo, |d 1921- | |
| 245 | 1 | 0 | |a Fundamental university physics / |c Marcelo Alonso, Edward J. Finn. |
| 250 | |a 2η εκδ. | ||
| 260 | |a Reading, Mass. : |b Addison-Wesley Pub. Co., |c 1968, c1983. | ||
| 300 | |a 3τ. : |b εικ. ; |c 24 εκ. | ||
| 504 | |a Περιλαμβάνει ευρετήριο. | ||
| 505 | 0 | |a Τ. 1. Mechanics and thermodynamics -- τ. 2. Flieds and waves -- τ. 3. Quantum and statistical physics. | |
| 650 | 0 | 0 | |a Physics. |
| 700 | 1 | |a Finn, Edward J. |e aut | |
| 740 | 0 | 2 | |a Mechanics and thermodynamics |
| 740 | 0 | 2 | |a Fields and waves |
| 740 | 0 | 2 | |a Quantum and statistical physics |
| 852 | |a INST |b SAMOS |e 19941103 |h 530 ALO |p 005300002634 |q 005300002634 |t BK |y 0 |z v.3 | ||
| 852 | |a INST |b SAMOS |e 19941103 |h 530 ALO |p 005300002635 |q 005300002635 |t BK |y 0 |z v.1 | ||
| 852 | |a INST |b SAMOS |e 19941103 |h 530 ALO |p 005300002636 |q 005300002636 |t BK |y 0 |z v.2 | ||
| 852 | |a INST |b SAMOS |e 19941103 |h 530 ALO |p 005300002634 |q 005300002634 |t BK |v v.3: |y 0 |z v.3 | ||
| 852 | |a INST |b SAMOS |e 19941103 |h 530 ALO |p 005300002635 |q 005300002635 |t BK |v v.1: |y 0 |z v.1 | ||
| 852 | |a INST |b SAMOS |e 19941103 |h 530 ALO |p 005300002636 |q 005300002636 |t BK |v v.2: |y 0 |z v.2 | ||
| 853 | |a INST |b SAMOS |h 530 ALO | ||
| 909 | |a Σ |b 031517 | ||
| 909 | |a Σ |b 031516 | ||
| 909 | |a Σ |b 031515 | ||